| 000 | 01070cam a2200289 a 4500 | ||
|---|---|---|---|
| 001 | 3524470 | ||
| 003 | ARRUPE | ||
| 005 | 20150910111218.0 | ||
| 008 | 960507s1997 mnua b 001 0 eng | ||
| 010 | _a 96019926 | ||
| 020 | _a0816628343 (hc : acidfree paper) | ||
| 040 |
_aDLC _cDLC _dDLC |
||
| 050 | 0 | 0 |
_aB824.5 _bD69 1996 |
| 082 | 0 | 0 |
_a501 s _a146/.42 _220 |
| 100 |
_aGiere, Ronald N. _918425 |
||
| 245 | 0 | 0 |
_aOrigins of logical empiricism / _cedited by Ronald N. Giere and Alan W. Richardson. |
| 260 |
_aMinneapolis : _bUniversity of Minnesota Press, _cc1996. |
||
| 300 |
_avii, 392 p. : _bill. ; _c24 cm. |
||
| 440 | 0 |
_aMinnesota studies in the philosophy of science ; _vv. 16 _919748 |
|
| 504 | _aIncludes bibliographical references (p. 355-377) and indexes. | ||
| 650 | 0 |
_aLogical positivism. _95718 |
|
| 700 | 1 |
_aGiere, Ronald N. _918425 |
|
| 700 | 1 |
_aRichardson, Alan W. _95720 |
|
| 906 |
_a7 _bcbc _corignew _d1 _eocip _f19 _gy-gencatlg |
||
| 942 |
_2lcc _cMONOGRAPH |
||
| 999 |
_c123376 _d123376 |
||